| 000 | 00771nam a22002777a 4500 | ||
|---|---|---|---|
| 005 | 20260417193409.0 | ||
| 008 | 240215b |||||||| |||| 00| 0 spa d | ||
| 020 | _a9788418971938 | ||
| 041 | _aESP | ||
| 082 | _a005.8 M542a | ||
| 100 | _aMenéndez Arantes, Silvia Clara | ||
| 245 | _aAuditoría de seguridad informática: curso práctico. | ||
| 260 | _aEspaña | ||
| 260 | _bGrupo Editorial Ra-Ma | ||
| 260 | _c2022 | ||
| 300 | _a218 páginas | ||
| 490 |
_aTecnologías de la Información _aBig Data |
||
| 650 | _aAUDITORÍA INFORMÁTICA | ||
| 650 | _aSISTEMAS DE INFORMACIÓN | ||
| 650 | _aPROTECCIÓN DE DATOS | ||
| 650 | _aANÁLISIS DE RIESGOS | ||
| 650 | _aAUDITORÍA DE SISTEMAS | ||
| 650 | _aSOFTWARE | ||
| 942 |
_2ddc _cBK |
||
| 999 |
_c13641 _d13641 |
||